000 00790nam a2200217Ii 4500
003 JO-AjNU
008 230605s9999||||xx |||||||||||||| ||und||
040 _aJO-AjNU
_bara
_erda
_cJO-AjNU
041 _aara
050 1 4 _aBP166.2.I26.F83 2004
100 3 _aفودة، سعيد عبد اللطيف,
_eauthor
_911294
245 0 0 _aنقض الرسالة التدمرية التي ألفها ابن تيمية
250 _aط1
264 3 1 _aعمان: دار الرازي للطباعة والنشر، 2004
300 _a160ص
336 _atext
_btxt
_2rdacontent
337 _aunmediated
_bn
_2rdamedia
338 _avolume
_bnc
_2rdacarrier
490 0 _aسلسلة الكاشف الكبير عن عقائد ابن تيمية1
650 4 _aالفقه الاسلامي- مذاهب
_911295
999 _aA2249
_c5817
_d5817